[Event "Tournoi francophone 011"]
[Site "Skype"]
[Date "????.??.??"]
[Round "5.4"]
[White "Hilton, Stephen"]
[Black "Guillaume, Mickael"]
[Result "1-0"]
[WhiteElo "1799"]
[BlackElo "1592"]
[PlyCount "61"]

1. Nf3 Nc6 2. d4 e6 3. g3 Nf6 4. Bg2 Be7 5. O-O O-O 6. c4 d5 7. Nc3 dxc4 8. e4
Bb4 9. e5 Bxc3 10. bxc3 Ne4 11. Qc2 f5 12. exf6 Nxf6 13. Nd2 Bd7 14. Nxc4 Ng4
15. h3 Nf6 16. Ba3 Re8 17. Ne5 Nd5 18. Rab1 Nxe5 19. dxe5 Bc6 20. Rfd1 Qg5 21.
Bc1 Qxe5 22. c4 Nc3 23. Bb2 Ne2+ 24. Kh2 Qf5 25. Qxe2 Bxg2 26. Kxg2 c5 27. Rbc1
Rad8 28. Qe5 Qxe5 29. Bxe5 Rxd1 30. Rxd1 a6 31. Rd7 1-0

[Event "Tournoi francophone 011"]
[Site "Skype"]
[Date "????.??.??"]
[Round "5.5"]
[White "Khabou, Taha"]
[Black "Ambrosino, Theo"]
[Result "1-0"]
[WhiteElo "1547"]
[BlackElo "1675"]
[PlyCount "39"]

1. d4 Nf6 2. Bf4 e6 3. e3 d5 4. Nf3 c5 5. c3 Nc6 6. Nbd2 Bd6 7. Bg3 O-O 8. Bd3
Qc7 9. dxc5 Bxg3 10. hxg3 e5 11. e4 d4 12. cxd4 exd4 13. a3 Bg4 14. Qc2 Qa5 15.
e5 Nh5 16. Bxh7+ Kh8 17. Qe4 Bxf3 18. gxf3 g6 19. Bxg6 fxg6 20. Qxg6 1-0

Nc4 Qd8 22. fxe6 dxc3 23. Rd1 cxb2+ 24. Kxb2 Qe7 25. Rc1 Qxe6 26. Rfe1 Qc6 27.
Rc2 Qb5+ 28. Ka2 Qd5 29. Rd1 Qe6 30. Re1 Qg4 31. Qxg4 Nxg4 32. Bf5 Nxh2 33.
Bxc8 Rxc8 34. Re7 Bd5 35. Kb3 b5 36. Rxa7 bxc4+ 37. Kc3 Nf1 38. Re7 Ng3 39. Rd7
Be6 40. Rd4 Nf5 41. Rd3 cxd3+ *

[Event "Tournoi francophone 011"]
[Site "Skype"]
[Date "????.??.??"]
[Round "5.7"]
[White "Bourdeau, Yvan"]
[Black "Couto, Januario"]
[Result "0-1"]
[WhiteElo "1662"]
[BlackElo "1448"]
[PlyCount "40"]

1. c4 f5 2. g3 Nf6 3. Nc3 g6 4. Bg2 Bg7 5. Qc2 d6 6. d4 Nbd7 7. f4 O-O 8. e4
fxe4 9. Nxe4 e5 10. Ne2 exd4 11. Nxd4 Re8 12. Ne2 Nxe4 13. Bxe4 Nf6 14. Bd5+
Nxd5 15. cxd5 Bf5 16. Qd2 Qe7 17. Kf2 Qe4 18. Re1 Re7 19. a4 Rae8 20. Ra3 Bh3
0-1

[Event "Tournoi francophone 011"]
[Site "Skype"]
[Date "????.??.??"]
[Round "5.8"]
[White "Trivedi, Viral"]
[Black "Hargez, Dany"]
[Result "1-0"]
[WhiteElo "1550"]
[BlackElo "1217"]
[PlyCount "59"]

1. d4 Nf6 2. Nf3 d5 3. Bf4 Bf5 4. e3 e6 5. Nbd2 Bd6 6. Ne5 Bxe5 7. Bxe5 Be4 8.
Nxe4 dxe4 9. c4 O-O 10. Qb3 b6 11. Be2 Nbd7 12. Bg3 Re8 13. O-O e5 14. Rad1 Re6
15. dxe5 Ne8 16. c5 Qe7 17. Bc4 Nxc5 18. Qc2 Rg6 19. Bd5 Rd8 20. Bxe4 Rxd1 21.
Rxd1 Nxe4 22. Qxe4 h5 23. h3 Nf6 24. Qa8+ Kh7 25. exf6 Qxf6 26. Rd8 Kh6 27.
Rh8+ Kg5 28. h4+ Kg4 29. Qe4+ Qf4 30. Qxf4# 1-0

[Event "Tournoi francophone 011"]
[Site "Skype"]
[Date "????.??.??"]
[Round "5.9"]
[White "Amato, Ludovica"]
[Black "Vincent, Andre"]
[Result "1-0"]
[WhiteElo "1368"]
[BlackElo "1358"]
[PlyCount "81"]

1. e4 c5 2. Nf3 g6 3. d4 cxd4 4. Nxd4 Bg7 5. Be2 d6 6. O-O Nf6 7. Nc3 a6 8. h3
O-O 9. Be3 e5 10. Nf3 Nc6 11. Qd2 Be6 12. Bg5 Qd7 13. Rad1 Rad8 14. Qc1 Rc8 15.
Bxf6 Bxf6 16. Nd5 Bxd5 17. Rxd5 Nb4 18. Rd2 Nxa2 19. Qd1 Rfd8 20. c3 Nxc3 21.
bxc3 Rxc3 22. Rd5 Qc6 23. Nxe5 Bxe5 24. Rxe5 Qc7 25. Rd5 b5 26. Qd2 Rc2 27. Qd3
Rc3 28. Qd4 Rc2 29. Bf3 Rc4 30. Qd1 f6 31. Re1 Kg7 32. e5 fxe5 33. Rexe5 Kf6
34. Re1 Rd7 35. Bg4 Rd8 36. Re6+ Kf7 37. Qf3+ Kg8 38. Qf6 Rc1+ 39. Kh2 Rf8 40.
Qg5 Re1 41. Rxe1 1-0

[Event "Tournoi francophone 011"]
[Site "Skype"]
[Date "????.??.??"]
[Round "5.10"]
[White "Pouteau, Pascal"]
[Black "Tamditi, Ibrahim"]
[Result "0-1"]
[WhiteElo "1441"]
[BlackElo "1456"]
[PlyCount "56"]

1. d4 Nf6 2. Bf4 g6 3. Nf3 Bg7 4. e3 d5 5. Nbd2 Nc6 6. c3 O-O 7. Bd3 Bg4 8. Qe2
Nh5 9. Bg5 h6 10. Bh4 g5 11. Bg3 Nxg3 12. hxg3 e5 13. e4 exd4 14. exd5 dxc3 15.
Ne4 cxb2 16. Rd1 Nd4 17. Qd2 Bxf3 18. Nxg5 Bxd1 19. Kxd1 hxg5 20. Bh7+ Kh8 21.
Qd3 Re8 22. Bg6+ Kg8 23. Bh7+ Kf8 24. Qa3+ Re7 25. Re1 Bf6 26. Qxb2 Rxe1+ 27.
Kxe1 Nf3+ 28. gxf3 Bxb2 0-1

[Event "Tournoi francophone 011"]
[Site "Skype"]
[Date "????.??.??"]
[Round "5.11"]
[White "Le Brun, Yves"]
[Black "Moumtaz, Abderrahim"]
[Result "1-0"]
[WhiteElo "1719"]
[BlackElo "1295"]
[PlyCount "39"]

1. d4 Nf6 2. Bf4 d5 3. e3 Bf5 4. Nd2 e6 5. Ngf3 Bd6 6. Bg3 O-O 7. Ne5 Nbd7 8.
f4 Ne4 9. Bd3 Ndf6 10. Bh4 Re8 11. g4 Bxg4 12. Nxg4 c5 13. c3 cxd4 14. cxd4
Nxd2 15. Nxf6+ gxf6 16. Qh5 Ne4 17. Rg1+ Kh8 18. Bxe4 dxe4 19. Qxf7 Qe7 20.
Bxf6+ 1-0

[Event "Tournoi francophone 011"]
[Site "Skype"]
[Date "????.??.??"]
[Round "5.12"]
[White "Sauvaget, Joel"]
[Black "Le Bouill, Pierre"]
[Result "1/2-1/2"]
[WhiteElo "1523"]
[BlackElo "1198"]
[PlyCount "44"]

1. d4 Nf6 2. c4 d5 3. Nc3 c6 4. Nf3 e6 5. Bg5 h6 6. Bh4 Be7 7. e3 Ne4 8. Bxe7
Qxe7 9. Qc2 Nxc3 10. Qxc3 Nd7 11. Bd3 Nf6 12. O-O O-O 13. h3 a5 14. Qc2 Ne4 15.
Bxe4 dxe4 16. Qxe4 Re8 17. Ne5 Bd7 18. c5 Rab8 19. b3 Rec8 20. f4 b6 21. Rac1
Be8 22. Rc3 bxc5 1/2-1/2

[Event "Tournoi francophone 011"]
[Site "Skype"]
[Date "????.??.??"]
[Round "5.13"]
[White "Douichi, Mohammed"]
[Black "L'Herbon De Lussats, Jean"]
[Result "0-1"]
[WhiteElo "1263"]
[BlackElo "1501"]
[PlyCount "84"]

1. e4 c5 2. Nf3 Nc6 3. c3 Nf6 4. Qc2 d6 5. Bc4 e5 6. Ng5 d5 7. exd5 Nxd5 8. Nf3
Be6 9. d3 Bd6 10. Bg5 Qc7 11. O-O O-O 12. Nbd2 h6 13. Bh4 Nf4 14. Bxe6 fxe6 15.
Ne4 Be7 16. Bg3 Rad8 17. Rad1 b5 18. b3 b4 19. c4 Nd4 20. Nxd4 exd4 21. h3 e5
22. Rfe1 Qb7 23. f3 Rf7 24. Kh2 Rdf8 25. Rd2 Qa8 26. Rg1 a5 27. Rf1 Rc8 28. Qd1
Rc6 29. Rff2 Rf5 30. Rb2 Qd8 31. Rfd2 Rh5 32. Nf2 Rg6 33. Ng4 Bh4 34. Qe1 Qe7
35. Qe4 Bxg3+ 36. Kxg3 Rhg5 37. Qd5+ Kh7 38. Rd1 Nxd5 39. h4 Rh5 40. Rh1 Ne3
41. Rf2 Nf5+ 42. Kh2 Qxh4+ 0-1

[Event "Tournoi francophone 011"]
[Site "Skype"]
[Date "????.??.??"]
[Round "5.14"]
[White "Bustos, Ricardo"]
[Black "Gerbaux, Regis"]
[Result "1-0"]
[WhiteElo "1243"]
[BlackElo "1404"]
[PlyCount "43"]

1. d4 d5 2. Nf3 Bf5 3. Nbd2 Nf6 4. c4 c6 5. cxd5 cxd5 6. e3 e6 7. Be2 Bd6 8.
O-O Ne4 9. Nxe4 dxe4 10. Ne5 Nd7 11. Nxd7 Qxd7 12. Bd2 Rc8 13. Rc1 Rxc1 14.
Qxc1 h5 15. Bb5 Qxb5 16. Qc8+ Ke7 17. Qxh8 g6 18. Bc3 Bxh2+ 19. Kxh2 Qxf1 20.
d5 Qxf2 21. Bf6+ Kd7 22. Qd8# 1-0

[Event "Tournoi francophone 011"]
[Site "Skype"]
[Date "????.??.??"]
[Round "5.15"]
[White "Briere, Jean"]
[Black "Trolese, Caterina"]
[Result "1-0"]
[WhiteElo "1387"]
[BlackElo "1000"]
[PlyCount "83"]

1. e4 d6 2. d4 Nf6 3. Nc3 g6 4. Nf3 Nc6 5. Bb5 Bg7 6. d5 a6 7. Bxc6+ bxc6 8.
dxc6 O-O 9. O-O e5 10. Re1 Be6 11. Bg5 h6 12. Bh4 Rb8 13. b3 Rb6 14. Nd5 Rxc6
15. c4 Re8 16. Qd2 Qa8 17. Bxf6 Bxd5 18. exd5 Rc5 19. Bxg7 Kxg7 20. h3 c6 21.
dxc6 Qxc6 22. Rad1 f6 23. Qxd6 Qxd6 24. Rxd6 e4 25. Rd7+ Kf8 26. Nh4 Rg5 27.
Rd5 f5 28. f4 exf3 29. Rxe8+ Kxe8 30. Nxf3 Rh5 31. c5 f4 32. Rxh5 gxh5 33. Kf2
Kd7 34. Ke2 Kc6 35. a3 a5 36. b4 axb4 37. axb4 h4 38. Kd3 Kb5 39. Ke4 Kxb4 40.
c6 h5 41. c7 Kc4 42. c8=Q+ 1-0

[Event "Tournoi francophone 011"]
[Site "Skype"]
[Date "????.??.??"]
[Round "5.16"]
[White "De Fazio, Monica"]
[Black "Duthoit, Bernard"]
[Result "0-1"]
[WhiteElo "1136"]
[BlackElo "1378"]
[PlyCount "76"]

1. e4 e6 2. Nf3 c5 3. Bc4 Nc6 4. d3 a6 5. O-O b5 6. Bb3 Na5 7. Nbd2 d6 8. c4
bxc4 9. dxc4 Nxb3 10. Nxb3 Bb7 11. Re1 a5 12. e5 a4 13. Na5 Qxa5 14. Bd2 Qd8
15. Bg5 Be7 16. Qxd6 Bxd6 17. Bxd8 Rxd8 18. exd6 Bxf3 19. gxf3 Rxd6 20. f4 Nf6
21. f3 Nh5 22. f5 O-O 23. Re5 Nf4 24. Rxc5 Nd3 25. Rb5 exf5 26. Rd1 Rfd8 27. h4
Nf4 28. Re1 g6 29. Ra5 Nd3 30. Re2 Nf4 31. Re3 Rd1+ 32. Kf2 R1d2+ 33. Kg3 Nh5+
34. Kh3 Rxb2 35. Rxa4 Rb1 36. c5 Rc1 37. Ra5 Rd2 38. a4 Rh1# 0-1

[Event "Tournoi francophone 011"]
[Site "Skype"]
[Date "????.??.??"]
[Round "5.17"]
[White "De Coninck, Philippe"]
[Black "Ramirez, Luis Antonio"]
[Result "1-0"]
[WhiteElo "1352"]
[BlackElo "1139"]
[PlyCount "95"]

1. e4 c5 2. Nf3 d6 3. d4 cxd4 4. Nxd4 Nf6 5. Nc3 a6 6. Bc4 e5 7. Nf3 Be7 8. O-O
O-O 9. h3 Bd7 10. Re1 Bc6 11. Bd5 Nxd5 12. Nxd5 Bb5 13. Be3 Nd7 14. Qd2 h6 15.
Nb4 Nf6 16. a4 Nxe4 17. Qd5 Nf6 18. axb5 Nxd5 19. Nxd5 Rc8 20. c3 g5 21. bxa6
g4 22. hxg4 Rc4 23. a7 Qd7 24. Nb6 Qxg4 25. Nxc4 Qxc4 26. a8=Q Rxa8 27. Rxa8+
Kh7 28. Rd1 e4 29. Rd4 Qe2 30. Rxe4 Qd1+ 31. Kh2 Bf6 32. Rf4 Kg7 33. Ra5 d5 34.
Bd4 Bxd4 35. cxd4 Qc1 36. Rg4+ Kh7 37. Rxd5 Qc8 38. Ne5 Qf5 39. Rd7 h5 40. Rg3
Qxf2 41. Rxf7+ Qxf7 42. Nxf7 h4 43. Rg4 b5 44. Kh3 b4 45. Kxh4 b3 46. Ne5 Kh6
47. d5 Kh7 48. d6 1-0

[Event "Tournoi francophone 011"]
[Site "Skype"]
[Date "????.??.??"]
[Round "5.18"]
[White "Mimouni, Driss"]
[Black "Morin, Claude"]
[Result "1-0"]
[WhiteElo "1052"]
[BlackElo "1001"]
[PlyCount "61"]

1. e4 e6 2. Nf3 d5 3. d3 Be7 4. Nc3 Nf6 5. Bg5 Nfd7 6. Bf4 O-O 7. Nb5 Bb4+ 8.
c3 Bc5 9. Nxc7 Nb6 10. Nxa8 Nxa8 11. Bxb8 dxe4 12. dxe4 Qe7 13. Bd3 Bd7 14. Bg3
Nb6 15. O-O Nc8 16. b4 Bb6 17. Ne5 Be8 18. Nf3 f6 19. Bh4 Bh5 20. e5 Qd8 21.
Qe2 Qd7 22. Qe4 f5 23. Qe2 Bd8 24. Bxd8 Qxd8 25. Rad1 Qe8 26. Bb5 Qg6 27. Bc4
Bg4 28. Rd7 Bh3 29. Bxe6+ Kh8 30. Nh4 Qh5 31. Qxh5 1-0

[Event "Tournoi francophone 011"]
[Site "Skype"]
[Date "????.??.??"]
[Round "5.19"]
[White "Scata, Laura"]
[Black "Rodriguez, Nathalie"]
[Result "0-1"]
[WhiteElo "1440"]
[BlackElo "1268"]
[PlyCount "92"]

1. d4 d5 2. Nf3 Nf6 3. Bf4 Bf5 4. e3 e6 5. Bd3 Bg6 6. Nh4 Bd6 7. Nxg6 hxg6 8.
Qf3 Nbd7 9. Nd2 Qe7 10. e4 dxe4 11. Nxe4 O-O-O 12. Nxd6+ cxd6 13. O-O-O Ne5 14.
dxe5 Nd5 15. exd6 Qd7 16. Be5 Nf6 17. Be2 Rh5 18. Qc3+ Kb8 19. g4 Rc8 20. Qd4
Rhh8 21. Bf3 Rhd8 22. Rd3 Nd5 23. Ra3 a6 24. Rd1 f6 25. Bg3 Rc6 26. Rdd3 Rdc8
27. Rd2 Rc4 28. Qd3 Nb4 29. Qxg6 Rxc2+ 30. Rxc2 Rxc2+ 31. Kb1 e5 32. Rb3 Qc8
33. Rc3 Rxc3 34. bxc3 Qxc3 35. Bd1 Qe1 36. Qe8+ Ka7 37. Qa4 Qd2 38. d7 Nd3 39.
Qc2 Qb4+ 40. Qb3 Qd2 41. Qc2 Qb4+ 42. Ka1 Qd4+ 43. Kb1 Qb4+ 44. Qb3 Qd2 45. Ka1
Qc1+ 46. Qb1 Qc3+ 0-1

[Event "Tournoi francophone 011"]
[Site "Skype"]
[Date "????.??.??"]
[Round "5.20"]
[White "Malbec, Robert"]
[Black "Trapletti, Cosetta"]
[Result "1-0"]
[WhiteElo "1322"]
[BlackElo "1047"]
[PlyCount "61"]

1. e4 e5 2. Nf3 Nc6 3. Bc4 Bc5 4. c3 d6 5. d4 Nf6 6. dxc5 Be6 7. Bxe6 fxe6 8.
cxd6 cxd6 9. Qd3 O-O 10. O-O a6 11. Bg5 Rc8 12. Bh4 Ne7 13. Ng5 Ng6 14. Nxe6
Qe7 15. Nxf8 Nxh4 16. g3 Ng6 17. Nxg6 hxg6 18. Nd2 Qe6 19. Nf3 Qh3 20. Ng5 Qg4
21. Qe3 Rf8 22. f3 Qh5 23. Rad1 Rd8 24. Rd3 d5 25. exd5 Nxd5 26. Qxe5 Kf8 27.
Rxd5 Re8 28. Ne6+ Kf7 29. Ng5+ Kf8 30. Qf4+ Kg8 31. Qf7+ 1-0

[Event "Tournoi francophone 011"]
[Site "Skype"]
[Date "????.??.??"]
[Round "5.21"]
[White "Maccaferri, Massimo"]
[Black "Milanese, Serge"]
[Result "0-1"]
[WhiteElo "1160"]
[BlackElo "1311"]
[PlyCount "90"]

1. b3 d5 2. Ba3 Nf6 3. Nc3 g6 4. e3 Bg7 5. f3 c6 6. g4 h6 7. h4 Qc7 8. Rh3 h5
9. g5 Bxh3 10. Nxh3 Qg3+ 11. Ke2 d4 12. exd4 Nd5 13. Qe1 Qxe1+ 14. Kxe1 Bxd4
15. Bb2 e5 16. Rb1 Nd7 17. Nxd5 cxd5 18. f4 Bxb2 19. Rxb2 e4 20. Bb5 a6 21.
Bxd7+ Kxd7 22. d3 e3 23. c3 Rhe8 24. d4 Ke6 25. Ke2 Kf5 26. Kf3 b5 27. a4 Rac8
28. Rc2 b4 29. c4 Re4 30. Ng1 Rxf4+ 31. Kg3 Rxd4 32. Nf3 Rg4+ 33. Kh2 Kf4 34.
Ne1 Rxh4+ 35. Kg1 Rg4+ 36. Kf1 Re8 37. Ke2 d4 38. Nd3+ Ke4 39. Nc5+ Kf4 40.
Nxa6 Rg2+ 41. Kd3 Rxc2 42. Kxc2 e2 43. c5 e1=Q 44. c6 Qc3+ 45. Kd1 Re1# 0-1

[Event "Tournoi francophone 011"]
[Site "Skype"]
[Date "????.??.??"]
[Round "5.22"]
[White "Vervoort, Jean-Louis"]
[Black "Schnell, Nicolas"]
[Result "1-0"]
[WhiteElo "1224"]
[BlackElo "1006"]
[PlyCount "125"]

1. d4 Nf6 2. c4 e6 3. Bg5 Be7 4. Bxf6 Bxf6 5. Nf3 Nc6 6. Nc3 O-O 7. e4 Be7 8.
e5 d6 9. Bd3 dxe5 10. dxe5 Bc5 11. O-O Nd4 12. Nxd4 Qxd4 13. Qe2 Qd8 14. Qe4 g6
15. Rad1 f5 16. exf6 Qxf6 17. Rd2 e5 18. Qd5+ Be6 19. Qxc5 Qg5 20. Kh1 Rf3 21.
gxf3 Rf8 22. Rg1 Qxd2 23. Qxe5 Rxf3 24. Qxe6+ Kg7 25. Qe7+ Kh6 26. Qh4+ Kg7 27.
Qd4+ Kh6 28. Bxg6 Qxd4 29. Be8 Rxf2 30. Bb5 Qe5 31. Rg2 Qe1+ 32. Rg1 Qe5 33.
Rg2 Qf4 34. c5 Rf1+ 35. Bxf1 Qxf1+ 36. Rg1 Qf3+ 37. Rg2 Kh5 38. Ne2 Kh4 39. Ng1
Qf1 40. Rg3 Qc4 41. Rc3 Qd5+ 42. Nf3+ Kh3 43. Kg1 Qd1+ 44. Kf2 Qh1 45. Ke3 h5
46. Kf4 Qg2 47. Ne1+ Kxh2 48. Nxg2 Kxg2 49. Rg3+ Kf2 50. Rh3 Kg2 51. Rxh5 a5
52. Rg5+ Kf2 53. Rg7 b5 54. Rxc7 a4 55. Rb7 a3 56. bxa3 b4 57. axb4 Ke2 58. c6
Ke1 59. c7 Kd1 60. c8=Q Kd2 61. Rd7+ Ke2 62. Qc2+ Kf1 63. Rd1# 1-0

[Event "Tournoi francophone 011"]
[Site "Skype"]
[Date "????.??.??"]
[Round "5.23"]
[White "Tolaro, Filippa"]
[Black "Porcabeuf, Jean-Marc"]
[Result "0-1"]
[WhiteElo "1000"]
[BlackElo "1208"]
[PlyCount "74"]

1. d4 d5 2. Bf4 e6 3. Nf3 Nf6 4. e3 Bd6 5. Nbd2 Nc6 6. c4 O-O 7. Be2 Ne7 8. c5
Bxf4 9. exf4 Ng6 10. g3 c6 11. Ne5 Ne7 12. O-O Nf5 13. Ndf3 Nh5 14. g4 Nxf4 15.
gxf5 exf5 16. Re1 Qf6 17. Bf1 Qh6 18. Re3 f6 19. Nd3 Qg6+ 20. Kh1 Nh5 21. Bg2
f4 22. Nh4 Qg5 23. Nf3 Qh6 24. Re7 Bg4 25. Qe2 Qg6 26. Rxb7 Rae8 27. Re7 Rxe7
28. Qxe7 Qxd3 29. h3 Bxf3 30. Kg1 Bxg2 31. Kxg2 f3+ 32. Kg1 Qg6+ 33. Kf1 Qg2+
34. Ke1 Qg1+ 35. Kd2 Qxa1 36. Ke3 Qe1+ 37. Kxf3 Qxe7 0-1

[Event "Tournoi francophone 011"]
[Site "Skype"]
[Date "????.??.??"]
[Round "6.1"]
[White "Siret, Bernard"]
[Black "Deville, Olivier"]
[Result "1-0"]
[WhiteElo "2063"]
[BlackElo "2081"]
[PlyCount "77"]

1. e4 c5 2. d4 cxd4 3. c3 g6 4. cxd4 d5 5. e5 Nc6 6. Nc3 Bg7 7. h3 Nh6 8. g4 f6
9. f4 fxe5 10. dxe5 e6 11. Nf3 O-O 12. Bd3 Bd7 13. O-O Rc8 14. Be3 Na5 15. Ne2
Nc4 16. Bd4 Nb6 17. Qd2 Nc4 18. Qd1 b6 19. Rc1 Na5 20. Qd2 Nc4 21. Qe1 Kh8 22.
Nh4 Qe7 23. g5 Nf5 24. Nxf5 gxf5 25. h4 Qf7 26. b3 Na5 27. Ng3 Rxc1 28. Qxc1
Rc8 29. Qd2 Nc6 30. Bb2 Bf8 31. Nxf5 Qh5 32. Be2 Qg6 33. Ng3 Nb4 34. f5 Qg8 35.
Bd4 Rc2 36. Qf4 Bc5 37. fxe6 Qxe6 38. Bxc5 bxc5 39. Qf8+ 1-0

[Event "Tournoi francophone 011"]
[Site "Skype"]
[Date "????.??.??"]
[Round "6.2"]
[White "Legueltel, Daniel"]
[Black "Lambert, Pierre"]
[Result "1-0"]
[WhiteElo "1617"]
[BlackElo "1902"]
[PlyCount "87"]

1. d4 Nf6 2. c4 g6 3. Nc3 Bg7 4. e4 d6 5. f4 O-O 6. Nf3 c5 7. d5 Nbd7 8. Be2
Nb6 9. O-O Nh5 10. Qd3 Bg4 11. Bd2 a6 12. Rae1 Qc7 13. h3 Bd7 14. Ng5 Ng3 15.
Qxg3 h6 16. Nf3 e6 17. b3 Rae8 18. Bd3 Nc8 19. Ne2 b5 20. Bc3 exd5 21. Bxg7
Kxg7 22. exd5 Re3 23. Nc1 Rfe8 24. Rxe3 Rxe3 25. Re1 Rxe1+ 26. Qxe1 Qd8 27. Qg3
Qe8 28. Kf2 Ne7 29. Nh4 Kh8 30. Qe3 Qd8 31. Nf3 Bf5 32. Bxf5 Nxf5 33. Qc3+ Kg8
34. Ne2 b4 35. Qd3 Qf6 36. Qd2 Ng7 37. Ng3 Qe7 38. Qe2 Qf6 39. Ne4 Qxf4 40. g3
Qf5 41. Nxd6 Qxh3 42. Ne4 Nh5 43. Qf1 Qg4 44. Nxc5 1-0

[Event "Tournoi francophone 011"]
[Site "Skype"]
[Date "????.??.??"]
[Round "6.3"]
[White "Hilton, Stephen"]
[Black "Rapaire, Jean-Michel"]
[Result "1/2-1/2"]
[WhiteElo "1799"]
[BlackElo "1701"]
[PlyCount "93"]

1. e4 c5 2. Nf3 d6 3. d4 cxd4 4. Nxd4 Nc6 5. Be2 g6 6. O-O Bg7 7. Be3 Nf6 8.
Nc3 Bd7 9. f3 h5 10. Qd2 h4 11. Rad1 Qc8 12. Nd5 Nxd5 13. exd5 Nxd4 14. Bxd4
Bxd4+ 15. Qxd4 Qc5 16. Qxc5 dxc5 17. c4 a6 18. Bd3 b5 19. Rc1 b4 20. Rfd1 Rh5
21. Rd2 Re5 22. Kf2 O-O-O 23. f4 Rh5 24. Re1 Re8 25. Rde2 Kd8 26. Re5 Rxe5 27.
Rxe5 Kc7 28. Rg5 Rg8 29. f5 Be8 30. fxg6 fxg6 31. Re5 Kd8 32. Re6 Rf8+ 33. Ke3
Rf6 34. Re4 h3 35. gxh3 Bd7 36. Rh4 Ke8 37. Rh8+ Kf7 38. Rh7+ Kf8 39. Rh8+ Kg7
40. Rh4 a5 41. Re4 Kf7 42. h4 Bf5 43. Re5 Bxd3 44. Kxd3 Rf2 45. Re2 Rf4 46. Re4
Rf2 47. Re2 1/2-1/2

[Event "Tournoi francophone 011"]
[Site "Skype"]
[Date "????.??.??"]
[Round "6.5"]
[White "Marino, Giuseppe"]
[Black "Trivedi, Viral"]
[Result "1/2-1/2"]
[WhiteElo "1466"]
[BlackElo "1550"]
[PlyCount "42"]

1. d4 e6 2. e3 d5 3. Nf3 f5 4. Bd3 Nf6 5. Nbd2 c6 6. c3 Bd6 7. h3 O-O 8. O-O
Bd7 9. Ne5 Be8 10. Bc2 Nbd7 11. Ndf3 Bh5 12. Nxd7 Qxd7 13. Bd3 Qf7 14. Be2 Bxf3
15. Bxf3 Qg6 16. Be2 Ne4 17. Bd2 Ng5 18. Bh5 Qf6 19. f4 Ne4 20. Be1 g6 21. Bf3
Rac8 1/2-1/2

[Event "Tournoi francophone 011"]
[Site "Skype"]
[Date "????.??.??"]
[Round "6.6"]
[White "Khabou, Taha"]
[Black "Amato, Ludovica"]
[Result "1-0"]
[WhiteElo "1547"]
[BlackElo "1368"]
[PlyCount "39"]

1. e4 e5 2. f4 Nc6 3. Nf3 exf4 4. d4 Nf6 5. Nc3 Bb4 6. Bd3 O-O 7. O-O d6 8.
Bxf4 Bg4 9. Ne2 Re8 10. c3 Ba5 11. Bg5 h6 12. Bxf6 Qxf6 13. Ne5 Qg5 14. Nxf7
Qe3+ 15. Kh1 Bxe2 16. Bxe2 Rxe4 17. Bc4 Re7 18. Rf3 Qxf3 19. Qxf3 Rf8 20. Ng5+
1-0

[Event "Tournoi francophone 011"]
[Site "Skype"]
[Date "????.??.??"]
[Round "6.7"]
[White "Duthoit, Bernard"]
[Black "Le Brun, Yves"]
[Result "0-1"]
[WhiteElo "1378"]
[BlackElo "1719"]
[PlyCount "102"]

1. e4 d6 2. d4 Nf6 3. Nc3 Bg4 4. f3 Bh5 5. Bg5 Nbd7 6. g4 Bg6 7. Bd3 h6 8. Bh4
Nh7 9. f4 f6 10. f5 Bf7 11. Nf3 Ng5 12. Nxg5 hxg5 13. Bg3 e6 14. Kf2 Be7 15.
Bc4 e5 16. Bxf7+ Kxf7 17. dxe5 Nxe5 18. Bxe5 dxe5 19. Qxd8 Raxd8 20. Nd5 Bc5+
21. Kg2 c6 22. b4 Bd6 23. Ne3 Bxb4 24. Rab1 a5 25. a3 Bxa3 26. Rxb7+ Kg8 27.
Rd1 Rxd1 28. Nxd1 Kh7 29. Kf2 Rd8 30. Ke2 Rd4 31. Nc3 Bb4 32. Nd1 Rxe4+ 33. Kf3
Rc4 34. Ne3 Rc3 35. Ke4 Rc5 36. Rd7 a4 37. Rd1 a3 38. Ra1 Rc3 39. Ra2 Bc5 40.
Nd1 Rc4+ 41. Kf3 e4+ 42. Ke2 Kg8 43. Kd2 Kf7 44. Ne3 Rd4+ 45. Kc3 Ra4 46. Nc4
e3 47. Kd3 e2 48. Ra1 a2 49. Nb2 e1=Q 50. Rxe1 a1=Q 51. Rxa1 Rxa1 0-1

[Event "Tournoi francophone 011"]
[Site "Skype"]
[Date "????.??.??"]
[Round "6.8"]
[White "Ambrosino, Theo"]
[Black "Briere, Jean"]
[Result "1-0"]
[WhiteElo "1675"]
[BlackElo "1387"]
[PlyCount "71"]

1. c4 e5 2. Nc3 Nf6 3. Nf3 Nc6 4. e4 d6 5. g3 Be7 6. Bg2 Be6 7. b3 O-O 8. O-O
Rb8 9. d3 a6 10. Nd2 Nd4 11. Ne2 Nxe2+ 12. Qxe2 c6 13. Bb2 Nd7 14. f4 exf4 15.
Rxf4 Bf6 16. d4 Re8 17. Qd3 Bg5 18. Rf2 Bxd2 19. Qxd2 Nf6 20. d5 cxd5 21. cxd5
Bc8 22. Qg5 h6 23. Qf4 Qe7 24. Bxf6 Qxf6 25. Qxf6 gxf6 26. Rxf6 Rd8 27. Raf1
Rd7 28. Rxh6 Kg7 29. Rhf6 b5 30. R1f4 Rbb7 31. Kf2 Rbc7 32. Ke3 Rc3+ 33. Kd4 b4
34. Bh3 Re7 35. Bxc8 Rxc8 36. Rxd6 1-0

[Event "Tournoi francophone 011"]
[Site "Skype"]
[Date "????.??.??"]
[Round "6.9"]
[White "Pouteau, Pascal"]
[Black "Bourdeau, Yvan"]
[Result "1/2-1/2"]
[WhiteElo "1441"]
[BlackElo "1662"]
[PlyCount "57"]

1. d4 Nf6 2. Bf4 e6 3. Nf3 d5 4. e3 Nbd7 5. Bd3 c5 6. c3 cxd4 7. cxd4 Bb4+ 8.
Nbd2 O-O 9. Rc1 Ne8 10. Qc2 Ndf6 11. a3 Bd6 12. Ne5 Bd7 13. Ndf3 Rc8 14. Qd2
Ne4 15. Qd1 f6 16. Nxd7 Qxd7 17. Rxc8 Qxc8 18. O-O Bxf4 19. exf4 N8d6 20. Nd2
f5 21. f3 Nf6 22. Re1 Nh5 23. g3 g6 24. Qa4 a6 25. Qb4 Qd7 26. Nb3 Ng7 27. Nc5
Qe7 28. Re2 Re8 29. Kf2 1/2-1/2

[Event "Tournoi francophone 011"]
[Site "Skype"]
[Date "????.??.??"]
[Round "6.10"]
[White "L'Herbon De Lussats, Jean"]
[Black "Gharbi, Said"]
[Result "0-1"]
[WhiteElo "1501"]
[BlackElo "1598"]
[PlyCount "114"]

1. e4 e5 2. Nf3 Nc6 3. Bc4 d6 4. d4 Bg4 5. d5 Nd4 6. Nbd2 Nf6 7. c3 Nxf3+ 8.
Nxf3 Nxe4 9. h3 Bh5 10. O-O Ng5 11. Be2 Nxf3+ 12. Bxf3 Bg6 13. Be2 a6 14. b4
Be4 15. f3 Bf5 16. b5 a5 17. Be3 b6 18. a4 Be7 19. Rc1 O-O 20. Qe1 Bh4 21. Bf2
Bg5 22. Rd1 Bc2 23. Ra1 Bb3 24. c4 Bc2 25. Qc3 Bf5 26. Bd3 Bd7 27. Bg3 Qf6 28.
Rae1 Bf4 29. Bh2 Qg5 30. Qc2 g6 31. g4 Bxh2+ 32. Kxh2 Qf4+ 33. Kg2 h5 34. Re4
Qg5 35. Rh1 f5 36. h4 Qe7 37. Re3 fxg4 38. Bxg6 gxf3+ 39. Rxf3 Rxf3 40. Kxf3
Rf8+ 41. Kg3 Qg7 42. Kh2 Rf4 43. Qg2 Rxh4+ 44. Kg1 Rg4 45. Rh2 Rxg2+ 46. Rxg2
Kf8 47. Bxh5 Qh6 48. Rf2+ Ke7 49. Rf7+ Kd8 50. Rf2 Qxh5 51. Rh2 Bh3 52. Rf2
Qg4+ 53. Kh2 Ke7 54. Rc2 e4 55. Re2 Qxe2+ 56. Kxh3 Qf3+ 57. Kh4 Kf6 0-1

[Event "Tournoi francophone 011"]
[Site "Skype"]
[Date "????.??.??"]
[Round "6.11"]
[White "Guillaume, Mickael"]
[Black "Bustos, Ricardo"]
[Result "1-0"]
[WhiteElo "1592"]
[BlackElo "1243"]
[PlyCount "51"]

1. e4 c5 2. Nf3 d6 3. Bb5+ Bd7 4. Nc3 Bxb5 5. Nxb5 Qa5 6. Nc3 e6 7. O-O Nc6 8.
d4 cxd4 9. Nxd4 Nxd4 10. Qxd4 e5 11. Qd5 Qxd5 12. Nxd5 Rc8 13. c3 Ne7 14. Nxe7
Bxe7 15. Rd1 O-O 16. Be3 b5 17. Bxa7 Rc7 18. Be3 Rd7 19. Rd5 Rb8 20. a3 g6 21.
f4 f5 22. fxe5 fxe4 23. exd6 Rxd6 24. Re5 Bf6 25. Rxe4 Bg7 26. Bf4 1-0

[Event "Tournoi francophone 011"]
[Site "Skype"]
[Date "????.??.??"]
[Round "6.12"]
[White "Vincent, Andre"]
[Black "De Coninck, Philippe"]
[Result "1/2-1/2"]
[WhiteElo "1358"]
[BlackElo "1352"]
[PlyCount "63"]

1. d4 Nf6 2. Bf4 d5 3. e3 Bf5 4. c3 e6 5. Nd2 Bd6 6. Bg3 c6 7. Ngf3 Qc7 8. Ne5
Nbd7 9. Ndf3 Ng4 10. Nxg4 Bxg4 11. Qd2 Bxf3 12. gxf3 e5 13. e4 dxe4 14. fxe4 a5
15. h4 exd4 16. Bxd6 Qxd6 17. Qxd4 Qxd4 18. cxd4 O-O 19. f4 Rad8 20. O-O-O Nf6
21. Bg2 Ng4 22. Rd2 Rfe8 23. Bf3 Nf6 24. e5 Nd5 25. Bxd5 Rxd5 26. b3 Red8 27.
Rhd1 h6 28. Kc2 b5 29. a3 Kh7 30. f5 b4 31. a4 g5 32. h5 1/2-1/2